Islamic finance (Record no. 82070)
[ view plain ]
| 000 -LEADER | |
|---|---|
| fixed length control field | 01252cam a22001935a 4500 |
| 001 - CONTROL NUMBER | |
| control field | L149135 |
| 008 - FIXED-LENGTH DATA ELEMENTS--GENERAL INFORMATION | |
| fixed length control field | 100115s2009 xxk 000 0 eng d |
| 035 ## - SYSTEM CONTROL NUMBER | |
| System control number | (Sirsi) u149135 |
| 041 0# - LANGUAGE CODE | |
| Language code of text/sound track or separate title | eng |
| 100 1# - MAIN ENTRY--PERSONAL NAME | |
| Personal name | Nadar, Aisha |
| 245 00 - TITLE STATEMENT | |
| Title | Islamic finance |
| Remainder of title | potential implications for dispute resolution |
| 260 ## - PUBLICATION, DISTRIBUTION, ETC. | |
| Date of publication, distribution, etc. | 2009 |
| 490 #0 - SERIES STATEMENT | |
| Series statement | Arbitration |
| Volume/sequential designation | 75(3) August 2009, 296-308(13) |
| 520 ## - SUMMARY, ETC. | |
| Summary, etc. | Islamic finance is financial intermediation carried out in a manner that is firmly rooted in the Islamic principles articulated in the Sharia. Although Islamic modes of financing have existed throughout the early history of Islam, the Islamic finance industry only became resurgent in the late 20th century. Suggests that the role of Islamic law may be diminished according to the forum selected during the dispute resolution process. Asks whether international commercial arbitration has a role in Islamic finance? The potential lack of Sharia compliance will probably not result in all participants in the Islamic finance chain opting out of English courts as the dispute resolution forum. |
| 590 ## - LOCAL NOTE (RLIN) | |
| Local note | KA |
| 651 #4 - SUBJECT ADDED ENTRY--GEOGRAPHIC NAME | |
| Geographic name | International |
| 690 ## - LOCAL SUBJECT ADDED ENTRY--TOPICAL TERM (OCLC, RLIN) | |
| Topical term or geographic name as entry element | MANAGEMENT- DISPUTE AVOIDANCE, MANAGEMENT AND RESOLUTION-DISPUTE MANAGEMENT AND RESOLUTION |
| 942 ## - ADDED ENTRY ELEMENTS (KOHA) | |
| Suppress in OPAC | 0 |
| Withdrawn status | Lost status | Source of classification or shelving scheme | Damaged status | Not for loan | Home library | Current library | Shelving location | Date acquired | Total Checkouts | Full call number | Barcode | Date last seen | Copy number | Price effective from | Koha item type |
|---|---|---|---|---|---|---|---|---|---|---|---|---|---|---|---|
| Dewey Decimal Classification | London | London | Journals | 15/01/2010 | L149135 | 149135-1001 | 06/08/2019 | 1 | 06/08/2019 | Journal article |